La formación de maestros y maestras en República Dominicana : (Registro nro. 15829)

Detalles MARC
000 -CABECERA
campo de control de longitud fija 02204nam a2200361 a 4500
001 - NÚMERO DE CONTROL
campo de control 000006222
003 - IDENTIFICADOR DEL NÚMERO DE CONTROL
campo de control DO-SdBPM
005 - FECHA Y HORA DE LA ÚLTIMA TRANSACCIÓN
campo de control 20260507125553.0
007 - CAMPO FIJO DE DESCRIPCIÓN FÍSICA--INFORMACIÓN GENERAL
campo de control de longitud fija ta
008 - DATOS DE LONGITUD FIJA--INFORMACIÓN GENERAL
campo de control de longitud fija 090827s1999 dr 001 0 spa d
020 ## - NÚMERO INTERNACIONAL ESTÁNDAR DEL LIBRO
Número Internacional Estándar del Libro 8489525633
040 ## - FUENTE DE LA CATALOGACIÓN
Centro catalogador/agencia de origen DO-SdBPM
Lengua de catalogación spa
Centro/agencia transcriptor BPMSU
Normas de descripción rda
Centro/agencia modificador rda
082 04 - NÚMERO DE LA CLASIFICACIÓN DECIMAL DEWEY
Número de clasificación 370.97293
Número de documento/Ítem F438f 1999
Número de edición 22
100 1# - ENTRADA PRINCIPAL--NOMBRE DE PERSONA
Nombre de persona Fiallo Billini, José Antinoe
Fechas asociadas al nombre 1944-
Término indicativo de función/relación autor
Código de función/relación aut.
100 z# - ENTRADA PRINCIPAL--NOMBRE DE PERSONA
Nombre de persona Billini, Antinoe Fiallo
100 z# - ENTRADA PRINCIPAL--NOMBRE DE PERSONA
Nombre de persona Billini, José Antinoe Fiallo
245 13 - MENCIÓN DE TÍTULO
Título La formación de maestros y maestras en República Dominicana :
Resto del título una reflexión sobre los saberes en una perspectiva histórica 1844-1992 /
Mención de responsabilidad, etc. José Antinoe Fiallo Billini, Alejandrina Germán de Sosa.
264 ## - PRODUCCIÓN, PUBLICACIÓN, DISTRIBUCIÓN, FABRICACIÓN Y COPYRIGHT
Producción, publicación, distribución, fabricación y copyright Santo Domingo :
Nombre del de productor, editor, distribuidor, fabricante Instituto Tecnológico de Santo Domingo,
Fecha de producción, publicación, distribución, fabricación o copyright 1999.
300 ## - DESCRIPCIÓN FÍSICA
Extensión 218 páginas ;
Dimensiones 21 cm.
336 ## - TIPO DE CONTENIDO
Término de tipo de contenido texto
Código de tipo de contenido txt
Fuente rdacontent
337 ## - TIPO DE MEDIO
Nombre/término del tipo de medio sin mediación
Código del tipo de medio n
Fuente rdamedia
338 ## - TIPO DE SOPORTE
Nombre/término del tipo de soporte volumen
Código del tipo de soporte nc
Fuente rdacarrier
500 ## - NOTA GENERAL
Nota general Bibliografía: páginas 205-218
505 0# - NOTA DE CONTENIDO CON FORMATO
Nota de contenido con formato Introducción -- Características generales del período 1844-1865 -- Características del período 1866-1899 -- Características generales del período 1900-1916 -- Características generales del período 1916-1924 -- Características generales del período 1930-1961 -- Características generales del período 1961-1978 -- Características generales del período 1978-1992 -- Plan Decenal de Educación -- Ante-proyecto de Ley General de Educación -- Proyecto de resolución que establece el programa de profesionalización para docentes bachilleres en el nivel básico del sector oficial -- Algunos puntos de vistas recientes en la discusión y debate internacional sobre curriculum y formación de maestros -- Consideraciones finales -- Citas y notas bibliográficas.
590 ## - NOTA LOCAL (RLIN)
Nota local Inventariado, 2026/VM
650 #7 - PUNTO DE ACCESO ADICIONAL DE MATERIA--TÉRMINO DE MATERIA
Término de materia o nombre geográfico como elemento de entrada Formación profesional de maestros
Subdivisión geográfica República Dominicana
Subdivisión cronológica 1844-1992
650 #7 - PUNTO DE ACCESO ADICIONAL DE MATERIA--TÉRMINO DE MATERIA
Término de materia o nombre geográfico como elemento de entrada Educación
Subdivisión geográfica República Dominicana
Subdivisión general Historia
650 #7 - PUNTO DE ACCESO ADICIONAL DE MATERIA--TÉRMINO DE MATERIA
Término de materia o nombre geográfico como elemento de entrada Capacitación docente
Subdivisión geográfica República Dominicana
Subdivisión cronológica 1844-1992
650 #7 - PUNTO DE ACCESO ADICIONAL DE MATERIA--TÉRMINO DE MATERIA
Término de materia o nombre geográfico como elemento de entrada Reforma educativa
Subdivisión geográfica República Dominicana
700 1# - PUNTO DE ACCESO ADICIONAL--NOMBRE DE PERSONA
Nombre de persona Germán de Sosa, Alejandrina
Término indicativo de función/relación autora
910 ## - DATOS DE OPCIÓN DEL USUARIO (OCLC)
Datos de opción del usuario VMateo V. Control de calidad BPMSU
942 ## - ELEMENTOS DE PUNTO DE ACCESO ADICIONAL (KOHA)
Fuente del sistema de clasificación o colocación Dewey Decimal Classification
Tipo de ítem Koha Libros
Existencias
Estado de retiro Estado de pérdida Fuente del sistema de clasificación o colocación No para préstamo Código de colección Localización permanente Ubicación/localización actual Fecha de adquisición Total de préstamos Signatura topográfica completa Código de barras Fecha visto por última vez Precio válido a partir de Tipo de ítem Koha Número de copia
    Dewey Decimal Classification   Colección de Referencia Dominicana Biblioteca Pública Metropolitana Salomé Ureña Biblioteca Pública Metropolitana Salomé Ureña 05/07/2026   BPMSU CD 370.97293 F438f 1999 BPMSU26050029 05/07/2026 05/07/2026 Libros  
    Dewey Decimal Classification   Colección de Referencia Dominicana Biblioteca Pública Metropolitana Salomé Ureña Biblioteca Pública Metropolitana Salomé Ureña 05/07/2026   BPMSU CD 370.97293 F438f 1999 BPMSU26050040 05/08/2026 05/07/2026 Libros e.2